000 00698nam a2200253Ia 4500
003 OSt
005 20221006143926.0
006 a|||||r|||| 00| 0
007 ta
008 221006b |||||||| |||| 00| 0 eng d
020 _a0813373646
_c
_26.50
024 _a10,421
037 _cTextual
040 _aEASL
_cEASL
_beng
041 _2eng
_aeng
082 _aW.41.N88, N0
100 _aHAMRIN Carol Lee
_9650639
245 0 _aChina and the challenge of the future
_b Changing political patterns
260 _aBoulder
_bWestview Press
_c1990
300 _a257p.
_ccm.
490 _v CEL
942 _hW.41.N88, N0
_cTEXL
_2CC
999 _c1078507
_d1078507